| 000 | 00841nam a22002177a 4500 | ||
|---|---|---|---|
| 999 |
_c371072 _d371072 |
||
| 008 | 201130b ||||| |||| 00| 0 eng d | ||
| 040 |
_bger _cDE-2950 _erda _aDE-2950 |
||
| 100 | _aWaldmann, Nancy | ||
| 245 |
_aRahn plant deutsch-polnische Grundschule in Frankfurt. _bBildung: Lange hat Potsdam Pläne für eine private bilinguale Grundschule in der Doppelstadt blockiert. Nun scheint das Eis gebrochen./ _cNancy Waldmann |
||
| 264 | _c2021 | ||
| 653 | _aFrankfurt (Oder) | ||
| 653 | _aGrundschule | ||
| 653 | _aZweisprachiger Unterricht | ||
| 653 | _aPolnisch | ||
| 653 | _aDeutsch | ||
| 773 |
_dFrankfurt (Oder): Märkisches Verlags- und Druckhaus GmbH & Co KG _g32. Jahrgang (202) Nr. 255 vom 01.11.2021, S. 11 _tMärkische Oderzeitung |
||
| 942 | _cA | ||